Olivia Rodrigo - Todas as cidades que receberam a GUTS World Tour - Statistics

Estatísticas Gerais
  • Esse quiz foi jogado 37 vezes
  • A pontuação média é 16 de 72
Estatísticas das Respostas
PAÍS CIDADE % Correto
EUA Nova Iorque
81%
BRA São Paulo
74%
BRA Curitiba
68%
FRA Paris
65%
ESP Madrid
58%
CAN Toronto
58%
GBR Londres
55%
ESP Barcelona
52%
ARG Buenos Aires
52%
ALE Berlim
48%
MEX Cidade do México
48%
JPN Tóquio
48%
EUA Miami
45%
EUA Orlando
45%
CHL Santiago
39%
AUS Sydney
39%
EUA Chicago
35%
DIN Copenhaga
35%
IRL Dublin
35%
PRT Lisboa
35%
EUA Manchester
35%
AUS Melbourne
32%
HOL Amsterdão
29%
CAN Montreal
29%
NOR Oslo
26%
EUA São Francisco
26%
CAN Vancouver
26%
SWT Zurique
26%
EUA Boston
23%
ALE Frankfurt
19%
PHL Manila
19%
SNG Singapura
19%
EUA Austin
16%
EUA Dallas
16%
EUA Detroit
16%
ALE Hamburgo
16%
EUA Washington DC
16%
TAI Bangkok
13%
ITA Bolonha
13%
EUA Columbus
13%
EUA Houston
13%
EUA Nashville
13%
BEL Antuérpia
10%
EUA Atlanta
10%
EUA Filadelfia
10%
GRB Glasgow
10%
ALE Munich
10%
EUA Nova Orleans
10%
EUA Phoenix
10%
EUA Seattle
10%
CRS Seul
10%
EUA Charlotte
6%
EUA Milwaukee
6%
EUA Omaha
6%
EUA Palm Springs
6%
EUA Saint Louis
6%
EUA Salt Lake City
6%
GBR Birmigham
3%
ALE Cologne
3%
MEX Monterrei
3%
EUA Saint Paul
3%
EUA Cidade do Kansas
0%
EUA Cidade do Oklahoma
0%
COL Colômbia
0%
EUA Denver
0%
GBR Glastonbury
0%
HOL Landgraaf
0%
EUA Lexington
0%
EUA Ohio
0%
EUA Portland
0%
DIN Roskilde
0%
BEL Werchter
0%
Nenhum quiz correspondente encontrado
Distribuição das Pontuações
Porcentagem de Pessoas com Cada Pontuação
Percentil de Números Respondidos
Sua Pontuação Histórica
Você não jogou esse quiz